Conference on S. 2269, Emergency Agricultural Credit Adjustment Act of 1978.

Bibliographic Details
Corporate Authors: United States. Congress. Senate. Committee on Agriculture, Nutrition, and Forestry (other agent associated with work.), United States. Congress. House. Committee on Agriculture (other agent associated with work.)
Format: eBook
Language:English
Published: [Washington : U.S. G.P.O.], 1980.
Subjects:
Online Access:Electronic resource (PDF)

MARC

Tag First Indicator Second Indicator Subfields
LEADER 00000cam a22000001i 4500
001 in00004132613
005 20200117090950.0
006 m d f
007 cr bn mmmapmmp
008 091109s1980 dcu o f000 0 eng d
035 |a cis2007528934 
040 |a UMI  |b eng  |e rda  |c UMI  |d UtOrBLW 
110 1 |a United States.  |b Congress.  |b Senate.  |b Committee of Conference,  |e issuing body. 
245 1 0 |a Conference on S. 2269, Emergency Agricultural Credit Adjustment Act of 1978. 
264 1 |a [Washington :  |b U.S. G.P.O.],  |c 1980. 
300 |a 39 pages, digital, PDF file. 
336 |a text  |2 rdacontent  |b txt 
337 |a computer  |b c  |2 rdamedia 
338 |a online resource  |2 rdacarrier  |b cr 
500 |a Record is based on bibliographic data in ProQuest Congressional Hearings Digital Collection (last viewed July 2018) Reuse except for individual research requires license from ProQuest, LLC. 
538 |a System requirements: PDF reader software. 
500 |a Electronic resource. 
610 1 0 |a United States.  |b Farmers Home Administration.  |0 http://id.loc.gov/authorities/names/n79103197 
650 0 |a Agricultural credit.  |0 http://id.loc.gov/authorities/subjects/sh85002302 
650 0 |a Rural development.  |0 http://id.loc.gov/authorities/subjects/sh85115899 
710 1 |a United States.  |b Congress.  |b Senate.  |b Committee on Agriculture, Nutrition, and Forestry,  |e other agent associated with work.  |0 http://id.loc.gov/authorities/names/n78080632 
710 1 |a United States.  |b Congress.  |b House.  |b Committee on Agriculture,  |e other agent associated with work.  |0 http://id.loc.gov/authorities/names/n81093140 
730 0 |a ProQuest U.S. Congressional Hearings Digital Collection. 
776 0 8 |a United States. Congress. Senate. Committee of Conference.  |t Conference on S. 2269, Emergency Agricultural Credit Adjustment Act of 1978  |o 96 JC-T.5 
856 4 0 |u http://proxy.library.tamu.edu/login?url=http://congressional.proquest.com/congcomp/getdoc?HEARING-ID=HRG-1980-CFS-0011  |y Electronic resource (PDF)  |t 0 
999 f f |s 441938f9-0fa4-32a2-be2f-645fde2f7e7d  |i 6f1b156c-3c50-3047-ad51-5bb0b4deb852  |t 0 
952 f f |a Texas A&M University  |b College Station  |c Electronic Resources  |d Available Online  |t 0  |h No information provided 
998 f f |t 0  |l Available Online